[Event "HUN-chT2 Barcza 1819"]
[Site "Hungary"]
[Date "2019.03.31"]
[Round "10.10"]
[White "Marko, Arpad"]
[Black "Szabo, Balint"]
[Result "1-0"]
[WhiteElo "1823"]
[BlackElo "1717"]
[PlyCount "53"]
[EventDate "2018.09.23"]
[EventType "team-tourn"]
[EventRounds "11"]
[EventCountry "HUN"]
[SourceTitle "EXT 2021"]
[Source "ChessBase"]
[SourceDate "2020.10.23"]
[SourceVersion "1"]
[SourceVersionDate "2020.10.23"]
[SourceQuality "1"]
[WhiteTeam "Kazincbarcika"]
[BlackTeam "Szirmabesenyo"]
[WhiteTeamCountry "HUN"]
[BlackTeamCountry "HUN"]

1. e4 e5 2. Nf3 Nc6 3. Bc4 Bc5 4. 0-0 Nf6 5. c3 0-0 6. d4 exd4 7. cxd4 Bb6 8. e5 Ne4 9. Bd5 Nc5 10. dxc5 Bxc5 11. Bf4 d6 12. exd6 cxd6 13. h3 Qf6 14. Bd2 Ne7 15. Bb3 Ng6 16. Nc3 Qf5 17. Nd5 Bd7 18. Nh4 Qe4 19. Nxg6 hxg6 20. Re1 Qh4 21. Qf3 Be6 22. Be3 b6 23. Bxc5 bxc5 24. Nc7 Rab8 25. Nxe6 fxe6 26. Bxe6+ Kh7 27. Re4 1-0

[Event "HUN-chT2 Barcza 1819"]
[Site "Hungary"]
[Date "2018.12.02"]
[Round "5.6"]
[White "Menyhart, Tibor"]
[Black "Marko, Arpad"]
[Result "1/2-1/2"]
[WhiteElo "2094"]
[BlackElo "1823"]
[PlyCount "92"]
[EventDate "2018.09.23"]
[EventType "team-tourn"]
[EventRounds "11"]
[EventCountry "HUN"]
[SourceTitle "CBM 189 Extra"]
[Source "ChessBase"]
[SourceDate "2019.06.03"]
[SourceVersion "1"]
[SourceVersionDate "2019.06.03"]
[SourceQuality "1"]
[WhiteTeam "Debrecen Sakkiskola"]
[BlackTeam "Kazincbarcika"]
[WhiteTeamCountry "HUN"]
[BlackTeamCountry "HUN"]

1. d4 d5 2. c4 e6 3. Nc3 Nf6 4. Bg5 Be7 5. e3 0-0 6. Nf3 h6 7. Bh4 a6 8. a3 dxc4 9. Bxc4 b5 10. Ba2 Bb7 11. 0-0 c5 12. dxc5 Bxc5 13. Rc1 Bb6 14. Qe2 Nbd7 15. Rfd1 Qe7 16. e4 g5 17. Bg3 Rfc8 18. e5 Nh5 19. Bb1 Nxg3 20. hxg3 Bc7 21. Qd3 Nf8 22. Ne4 Rd8 23. Qc2 Rxd1+ 24. Rxd1 Rd8 25. Rxd8 Qxd8 26. Nc5 Bxf3 27. gxf3 Bxe5 28. Nxa6 Qd4 29. Kg2 Qxb2 30. Qxb2 Bxb2 31. Nc7 Bxa3 32. Nxb5 Bc5 33. Be4 f5 34. Bb7 Kf7 35. Nc3 Ng6 36. Ne2 f4 37. Be4 e5 38. Nc3 Ne7 39. Bb7 Nf5 40. Ne4 Bb4 41. Bd5+ Kg7 42. Be6 Nd4 43. Bd7 Nc2 44. Kh3 Kg6 45. Be8+ Kf5 46. Bd7+ Kg6 1/2-1/2

[Event "HUN-chT2 Barcza 1819"]
[Site "Hungary"]
[Date "2018.11.18"]
[Round "6.9"]
[White "Mozsik, Tamas"]
[Black "Marko, Arpad"]
[Result "0-1"]
[WhiteElo "1846"]
[BlackElo "1823"]
[PlyCount "110"]
[EventDate "2018.09.23"]
[EventType "team-tourn"]
[EventRounds "11"]
[EventCountry "HUN"]
[SourceTitle "CBM 189 Extra"]
[Source "ChessBase"]
[SourceDate "2019.06.03"]
[SourceVersion "1"]
[SourceVersionDate "2019.06.03"]
[SourceQuality "1"]
[WhiteTeam "Nyiregyhaza"]
[BlackTeam "Kazincbarcika"]
[WhiteTeamCountry "HUN"]
[BlackTeamCountry "HUN"]

1. e4 e5 2. Nf3 Nc6 3. d4 exd4 4. Nxd4 Bc5 5. Be3 Qf6 6. c3 Nge7 7. Be2 d5 8. Bf3 dxe4 9. Bxe4 Bxd4 10. Bxd4 Nxd4 11. Qxd4 Qxd4 12. cxd4 c6 13. Nc3 Be6 14. 0-0-0 0-0-0 15. Rd2 Rd6 16. Rhd1 Rhd8 17. b3 Nd5 18. Nxd5 Bxd5 19. f3 Re8 20. Bd3 Kc7 21. Kc2 h5 22. Kc3 h4 23. h3 Rde6 24. Rf2 Re1 25. Rxe1 Rxe1 26. Re2 Rxe2 27. Bxe2 a5 28. a4 Kd6 29. Bc4 b6 30. Bd3 Ke6 31. Bc4 Kf5 32. Bxd5 cxd5 33. Kd3 Kf4 34. Ke2 Kg3 35. Kf1 g5 36. Kg1 f6 37. Kf1 f5 38. Kg1 g4 39. hxg4 fxg4 40. fxg4 Kxg4 41. Kh2 Kg5 42. Kh3 Kh5 43. g3 hxg3 44. Kxg3 Kg5 45. Kf3 Kf5 46. Ke3 Kg4 47. Ke2 Kf4 48. Kd3 Kf3 49. Kd2 Ke4 50. Kc3 Ke3 51. b4 Ke4 52. bxa5 bxa5 53. Kc2 Kxd4 54. Kd2 Kc4 55. Kc2 Kb4 0-1

[Event "HUN-chT2 Barcza 1718"]
[Site "Hungary"]
[Date "2018.02.18"]
[Round "8.7"]
[White "Marko, Arpad"]
[Black "Pal, Ferenc"]
[Result "1-0"]
[WhiteElo "1893"]
[BlackElo "2023"]
[PlyCount "87"]
[EventDate "2017.09.24"]
[EventType "team-tourn"]
[EventRounds "11"]
[EventCountry "HUN"]
[SourceTitle "EXT 2021"]
[Source "ChessBase"]
[SourceDate "2020.10.23"]
[SourceVersion "1"]
[SourceVersionDate "2020.10.23"]
[SourceQuality "1"]
[WhiteTeam "Kazincbarcika"]
[BlackTeam "Hajduszoboszlo"]
[WhiteTeamCountry "HUN"]
[BlackTeamCountry "HUN"]

1. c4 e5 2. Nc3 Nf6 3. g3 Be7 4. Bg2 c6 5. d3 0-0 6. Nf3 d6 7. 0-0 Be6 8. Nd2 Qc8 9. a3 Bh3 10. b4 a6 11. Bb2 Bxg2 12. Kxg2 Nbd7 13. e4 Ne8 14. Nb3 f5 15. f3 Nc7 16. Ne2 c5 17. Nc3 f4 18. Nd5 Nxd5 19. cxd5 Qe8 20. bxc5 dxc5 21. g4 Qg6 22. Na5 Rf6 23. Nc4 Qg5 24. Qe1 Rh6 25. Rh1 Bd8 26. a4 Rh4 27. h3 h5 28. Ra2 hxg4 29. hxg4 Rh6 30. a5 Bc7 31. Bc3 Kf7 32. Kg1 Rah8 33. Rah2 Nf6 34. Rxh6 Rxh6 35. Rxh6 gxh6 36. Kf1 Nd7 37. Qb1 Qh4 38. Qxb7 Qh3+ 39. Ke2 Qg2+ 40. Ke1 Qxf3 41. Qxc7 Ke8 42. Nd6+ Ke7 43. Nf5+ Kf6 44. Qd8+ 1-0

[Event "HUN-chT2 Barcza 1617"]
[Site "Hungary"]
[Date "2017.03.12"]
[Round "10.8"]
[White "Marko, Arpad"]
[Black "Talian, Pal"]
[Result "1-0"]
[WhiteElo "1895"]
[BlackElo "1857"]
[PlyCount "100"]
[EventDate "2016.09.25"]
[EventType "team-tourn"]
[EventRounds "11"]
[EventCountry "HUN"]
[SourceTitle "EXT 2021"]
[Source "ChessBase"]
[SourceDate "2020.10.23"]
[SourceVersion "1"]
[SourceVersionDate "2020.10.23"]
[SourceQuality "1"]
[WhiteTeam "Kazincbarcika"]
[BlackTeam "Sajobabony"]
[WhiteTeamCountry "HUN"]
[BlackTeamCountry "HUN"]

1. e4 e6 2. d4 d5 3. Nc3 Nf6 4. Bd3 c5 5. Nf3 Nc6 6. dxc5 Bxc5 7. 0-0 0-0 8. a3 a6 9. Bg5 Be7 10. e5 Nd7 11. Bxe7 Qxe7 12. Re1 f6 13. exf6 Qxf6 14. Qd2 Nde5 15. Nxe5 Nxe5 16. Qe2 Nxd3 17. cxd3 Bd7 18. f3 Rac8 19. Qf2 Rc6 20. d4 Rfc8 21. Rad1 Rc4 22. Rd2 b5 23. Qe3 a5 24. Ne2 Rc2 25. Nc3 Qg6 26. Qe2 Rxd2 27. Qxd2 b4 28. axb4 axb4 29. Ne2 Rc4 30. b3 Qc2 31. Qe3 Rc8 32. Rc1 Qb2 33. Rxc8+ Bxc8 34. h3 h6 35. Nf4 Qb1+ 36. Kh2 Qf5 37. Nd3 Qf8 38. Nc5 Qd6+ 39. f4 Bd7 40. Qe5 Qxe5 41. fxe5 Bb5 42. Nxe6 Bd3 43. Nc5 Bc2 44. Kg3 Kf7 45. h4 Ke7 46. Kf4 Kf7 47. g3 Ke7 48. Ke3 Bd1 49. Kd2 Bh5 50. Nd3 Ke6 1-0

[Event "HUN-chT2 Barcza 1617"]
[Site "Hungary"]
[Date "2016.10.30"]
[Round "3.5"]
[White "Marko, Arpad"]
[Black "Hegedus, Gyorgy"]
[Result "1-0"]
[WhiteElo "1895"]
[BlackElo "2048"]
[PlyCount "143"]
[EventDate "2016.09.25"]
[EventType "team-tourn"]
[EventRounds "11"]
[EventCountry "HUN"]
[SourceTitle "EXT 2021"]
[Source "ChessBase"]
[SourceDate "2020.10.23"]
[SourceVersion "1"]
[SourceVersionDate "2020.10.23"]
[SourceQuality "1"]
[WhiteTeam "Kazincbarcika"]
[BlackTeam "Hajduszoboszlo"]
[WhiteTeamCountry "HUN"]
[BlackTeamCountry "HUN"]

1. e4 e5 2. Nf3 Nc6 3. Nc3 d6 4. d4 exd4 5. Nxd4 Nf6 6. Bg5 Be7 7. Nxc6 bxc6 8. Be2 Nxe4 9. Bxe7 Qxe7 10. Nxe4 Qxe4 11. 0-0 0-0 12. Bf3 Qa4 13. b3 Qa6 14. Re1 Be6 15. Be4 Rae8 16. a4 c5 17. Qf3 Qa5 18. c4 Bd7 19. Re3 Re5 20. Rd1 Qb4 21. h3 Qb8 22. Bxh7+ Kxh7 23. Rxe5 dxe5 24. Rxd7 Kg8 25. Rd5 c6 26. Rxc5 e4 27. Qe3 Qd6 28. Ra5 f5 29. Rxa7 Re8 30. Qg5 Qe5 31. Rd7 Qa1+ 32. Kh2 Qe5+ 33. Kg1 Qa1+ 34. Kh2 Qe5+ 35. g3 Qb2 36. Qe3 Rb8 37. Qd4 Qxd4 38. Rxd4 Rxb3 39. Rd6 Rb4 40. Rxc6 Rxa4 41. Rc5 g6 42. Rc7 Ra2 43. Kg1 Rc2 44. h4 Rc1+ 45. Kg2 Rc2 46. Kf1 Rc1+ 47. Ke2 Rc2+ 48. Ke1 Kf8 49. c5 Ke8 50. Rg7 Rxc5 51. Rxg6 Kf7 52. Ra6 Rc2 53. h5 Rb2 54. h6 Rc2 55. h7 Rc1+ 56. Ke2 Rh1 57. Ke3 Rh2 58. Ra8 Rxh7 59. Ra7+ Kg6 60. Rxh7 Kxh7 61. Kf4 Kg6 62. g4 fxg4 63. Kxg4 e3 64. fxe3 Kf6 65. Kf4 Ke6 66. Ke4 Kd6 67. Kf5 Ke7 68. Ke5 Kd7 69. Kf6 Ke8 70. e4 Kf8 71. e5 Ke8 72. Ke6 1-0

[Event "HUN-chT2 Barcza 1516"]
[Site "Hungary"]
[Date "2015.12.06"]
[Round "6.7"]
[White "Botragyi, Tibor"]
[Black "Marko, Arpad"]
[Result "1-0"]
[WhiteElo "2020"]
[BlackElo "1922"]
[PlyCount "107"]
[EventDate "2015.09.13"]
[EventType "team-tourn"]
[EventRounds "11"]
[EventCountry "HUN"]
[SourceTitle "CBM 170 Extra"]
[Source "ChessBase"]
[SourceDate "2016.02.25"]
[SourceVersion "1"]
[SourceVersionDate "2016.02.25"]
[SourceQuality "1"]
[WhiteTeam "Debrecen Sakkbaratok"]
[BlackTeam "Kazincbarcika"]
[WhiteTeamCountry "HUN"]
[BlackTeamCountry "HUN"]

1. e4 e5 2. Nf3 Nf6 3. d4 exd4 4. e5 Ne4 5. Qxd4 d5 6. exd6 Nxd6 7. Bd3 Nc6 8. Qf4 Qe7+ 9. Be3 Be6 10. Nc3 0-0-0 11. Qa4 Kb8 12. 0-0-0 Nc8 13. a3 Nb6 14. Bxb6 axb6 15. Bb5 Na7 16. Bc4 g6 17. Rxd8+ Qxd8 18. Bxe6 Bh6+ 19. Kb1 fxe6 20. Rd1 Qf6 21. Rd7 Bg7 22. Qc4 Nc6 23. Nd4 Kc8 24. Rxg7 Qxg7 25. Nxe6 Qf7 26. Nd5 Na5 27. Nxb6+ Kb8 28. Qc3 Re8 29. Nxc7 Rd8 30. Nbd5 Rxd5 31. Qg3 Ka7 32. Nxd5 Qxd5 33. Qe3+ b6 34. Qe7+ Qb7 35. Qg5 Qd7 36. Qe3 Qd1+ 37. Qc1 Qxc1+ 38. Kxc1 Nc4 39. a4 Kb7 40. b3 Ne5 41. h3 Kc6 42. Kd2 Kd5 43. Ke3 Nc6 44. c3 Na5 45. b4 Nc6 46. f4 Kc4 47. Kd2 Ne7 48. g4 Nd5 49. f5 Nxc3 50. a5 Nd5 51. a6 gxf5 52. gxf5 Kb5 53. a7 Nc7 54. f6 1-0

[Event "HUN-chT2 Barcza 1415"]
[Site "Hungary"]
[Date "2015.04.26"]
[Round "11.6"]
[White "Szakaly, Balazs"]
[Black "Marko, Arpad"]
[Result "1/2-1/2"]
[WhiteElo "2070"]
[BlackElo "1974"]
[PlyCount "88"]
[EventDate "2014.09.07"]
[EventType "team-tourn"]
[EventRounds "11"]
[EventCountry "HUN"]
[SourceTitle "EXT 2016"]
[Source "ChessBase"]
[SourceDate "2015.10.08"]
[SourceVersion "1"]
[SourceVersionDate "2015.10.08"]
[SourceQuality "1"]
[WhiteTeam "Debrecen Sakkbaratok"]
[BlackTeam "Kazincbarcika"]
[WhiteTeamCountry "HUN"]
[BlackTeamCountry "HUN"]

1. e4 e5 2. Nf3 Nf6 3. Nxe5 d6 4. Nf3 Nxe4 5. d4 d5 6. Bd3 Be7 7. 0-0 Nc6 8. Re1 Bg4 9. c3 Nf6 10. h3 Bh5 11. Bf4 0-0 12. Nbd2 Re8 13. Qc2 Bg6 14. Nf1 Bxd3 15. Qxd3 Ne4 16. Ne3 Nf6 17. Nf5 Qd7 18. Ng5 h6 19. Nf3 Ne4 20. Nxe7+ Rxe7 21. Re2 Rae8 22. Rae1 a6 23. Nd2 Nxd2 24. Bxd2 Rxe2 25. Rxe2 Rxe2 26. Qxe2 Ne7 27. Kh2 c6 28. Bf4 Ng6 29. Bg3 Qe7 30. Qg4 Qe6 31. Qd1 Nf8 32. Qb3 Qd7 33. Be5 f6 34. Bg3 Ne6 35. Qd1 Ng5 36. f3 Qe6 37. h4 Nh7 38. Qb3 Qd7 39. Qb6 Nf8 40. Qb3 Ng6 41. Qb6 Ne7 42. Qb3 Nf5 43. Qc2 Ne3 44. Qd3 Qe6 1/2-1/2

[Event "HUN-chT2 Barcza 1415"]
[Site "Hungary"]
[Date "2015.02.08"]
[Round "?"]
[White "Ruboczki, Tibor"]
[Black "Marko, Arpad"]
[Result "1/2-1/2"]
[WhiteElo "2006"]
[BlackElo "1974"]
[PlyCount "49"]
[EventDate "2014.09.07"]
[EventType "team-tourn"]
[EventRounds "11"]
[EventCountry "HUN"]
[SourceTitle "EXT 2016"]
[Source "ChessBase"]
[SourceDate "2015.10.08"]
[SourceVersion "1"]
[SourceVersionDate "2015.10.08"]
[SourceQuality "1"]
[WhiteTeam "Nyiregyhaza"]
[BlackTeam "Kazincbarcika"]
[WhiteTeamCountry "HUN"]
[BlackTeamCountry "HUN"]

1. d4 d5 2. c4 c6 3. Nf3 Nf6 4. e3 g6 5. b3 Bg7 6. Bb2 0-0 7. Bd3 Bg4 8. Nbd2 Bxf3 9. Nxf3 Qa5+ 10. Qd2 Qxd2+ 11. Nxd2 Nbd7 12. 0-0 e5 13. dxe5 Ng4 14. f4 Nc5 15. Be2 Nxe3 16. Rf3 Nf5 17. cxd5 cxd5 18. g4 Nd6 19. Ba3 Rfc8 20. Rc1 Nde4 21. Nxe4 Nxe4 22. Rxc8+ Rxc8 23. Rd3 Nc3 24. Bf3 g5 25. Bb2 1/2-1/2

[Event "HUN-chT2 Barcza 1314"]
[Site "Hungary"]
[Date "2014.04.13"]
[Round "10"]
[White "Marko, Arpad"]
[Black "Ujhazi, David"]
[Result "0-1"]
[WhiteElo "1945"]
[BlackElo "1814"]
[PlyCount "60"]
[EventDate "2013.09.08"]
[EventType "team-tourn"]
[EventRounds "11"]
[EventCountry "HUN"]
[SourceTitle "EXT 2016"]
[Source "ChessBase"]
[SourceDate "2015.10.08"]
[SourceVersion "1"]
[SourceVersionDate "2015.10.08"]
[SourceQuality "1"]
[WhiteTeam "Kazincbarcika"]
[BlackTeam "Debrecen EAC"]
[WhiteTeamCountry "HUN"]
[BlackTeamCountry "HUN"]

1. e4 d6 2. d4 Nf6 3. Bd3 g6 4. Ne2 Bg7 5. 0-0 Nc6 6. c4 e5 7. d5 Ne7 8. Nbc3 0-0 9. f4 exf4 10. Bxf4 Ng4 11. h3 Ne5 12. Qd2 f5 13. Bg5 h6 14. Bh4 g5 15. Bf2 f4 16. Nd4 Bd7 17. Nf3 Nxf3+ 18. gxf3 Bxh3 19. Rfe1 Ng6 20. Bf1 Qd7 21. Bd4 Ne5 22. Bxe5 Bxe5 23. Qh2 Bd4+ 24. Kh1 g4 25. Ne2 Be3 26. Bxh3 gxh3 27. Ng1 Kh7 28. Nxh3 Rg8 29. Nxf4 Bxf4 30. Qc2 Qh3+ 0-1

[Event "HUN-chT2 Barcza 1314"]
[Site "Hungary"]
[Date "2014.03.23"]
[Round "9"]
[White "Marko, Arpad"]
[Black "Jankovics, Laszlo Jr"]
[Result "1-0"]
[WhiteElo "1945"]
[BlackElo "1479"]
[PlyCount "155"]
[EventDate "2013.09.08"]
[EventType "team-tourn"]
[EventRounds "11"]
[EventCountry "HUN"]
[SourceTitle "EXT 2016"]
[Source "ChessBase"]
[SourceDate "2015.10.08"]
[SourceVersion "1"]
[SourceVersionDate "2015.10.08"]
[SourceQuality "1"]
[WhiteTeam "Kazincbarcika"]
[BlackTeam "Sajobabony"]
[WhiteTeamCountry "HUN"]
[BlackTeamCountry "HUN"]

1. e4 e6 2. d3 d5 3. Nd2 Nc6 4. g3 Bc5 5. Bg2 Nf6 6. Ne2 h5 7. h3 Rg8 8. Nb3 Bb6 9. Be3 Bxe3 10. fxe3 dxe4 11. dxe4 Qd6 12. Qxd6 cxd6 13. 0-0-0 Ke7 14. Rd2 e5 15. Nc3 Be6 16. Na1 Rad8 17. Nd5+ Kd7 18. Rf1 Ne7 19. Nb3 b6 20. Rfd1 Ne8 21. Kb1 Rc8 22. Nc1 Nc6 23. Ne2 Na5 24. b3 Rf8 25. Nec3 Kc6 26. Ne7+ Kb7 27. Nxc8 Bxc8 28. Nb5 Be6 29. Nxd6+ Nxd6 30. Rxd6 Re8 31. Bf1 Kc7 32. R6d3 Nb7 33. Rc3+ Kb8 34. b4 g5 35. Bc4 Rc8 36. Bxe6 Rxc3 37. Bxf7 Rxe3 38. Bxh5 Rxe4 39. a3 Kc7 40. Bf3 Re3 41. Bxb7 Kxb7 42. Rd3 Re1+ 43. Kb2 Kc6 44. c4 Rh1 45. g4 Re1 46. Kc2 e4 47. Kd2 Rh1 48. Re3 Kd6 49. Rxe4 Rxh3 50. Re3 Rh2+ 51. Kc3 Rg2 52. Re4 Rg3+ 53. Kd4 Rxa3 54. c5+ bxc5+ 55. bxc5+ Kc6 56. Re6+ Kc7 57. Kd5 Rd3+ 58. Ke4 Rd1 59. Re7+ Rd7 60. Re5 Rg7 61. Kf5 a5 62. Kf6 Rg8 63. c6 Kb6 64. c7 a4 65. Re4 Ra8 66. c8Q Rxc8 67. Rxa4 Rc5 68. Ra8 Kc7 69. Rg8 Rc6+ 70. Kxg5 Kd7 71. Rf8 Ke7 72. Rf1 Re6 73. Kh5 Rf6 74. Rxf6 Kxf6 75. Kh6 Kf7 76. g5 Kg8 77. Kg6 Kh8 78. Kf7 1-0

[Event "HUN-chT2 Barcza 1011"]
[Site "Hungary"]
[Date "2011.04.10"]
[Round "8.7"]
[White "Marko, Arpad"]
[Black "Nagy, Sandor I"]
[Result "0-1"]
[WhiteElo "2037"]
[BlackElo "2040"]
[PlyCount "50"]
[EventDate "2010.09.12"]
[EventType "team-tourn"]
[EventRounds "11"]
[EventCountry "HUN"]
[SourceTitle "EXT 2012"]
[Source "ChessBase"]
[SourceDate "2011.11.24"]
[SourceVersion "1"]
[SourceVersionDate "2011.11.24"]
[SourceQuality "1"]
[WhiteTeam "Kazincbarcika"]
[BlackTeam "Debrecen Betu"]
[WhiteTeamCountry "HUN"]
[BlackTeamCountry "HUN"]

1. e4 c5 2. Nf3 d6 3. Bb5+ Bd7 4. Bxd7+ Nxd7 5. 0-0 g6 6. c3 Bg7 7. d4 Ngf6 8. Re1 0-0 9. Bf4 Qb6 10. Qd2 cxd4 11. cxd4 d5 12. Nc3 dxe4 13. Nxe4 Nd5 14. Bh6 Rac8 15. Bxg7 Kxg7 16. Nc3 N7f6 17. Nxd5 Nxd5 18. Rac1 e6 19. Rxc8 Rxc8 20. Rc1 Rxc1+ 21. Qxc1 Nb4 22. a3 Nd3 23. Qc3 Nf4 24. d5+ f6 25. dxe6 Ne2+ 0-1

[Event "HUN-chT2 Barcza 0910"]
[Site "Hungary"]
[Date "2010.02.28"]
[Round "7.9"]
[White "Runda, Mate Bence"]
[Black "Marko, Arpad"]
[Result "1-0"]
[WhiteElo "1830"]
[BlackElo "2037"]
[PlyCount "103"]
[EventDate "2009.11.08"]
[EventType "team-tourn"]
[EventRounds "11"]
[EventCountry "HUN"]
[SourceTitle "EXT 2011"]
[Source "ChessBase"]
[SourceDate "2010.11.26"]
[SourceVersion "1"]
[SourceVersionDate "2010.11.26"]
[SourceQuality "1"]
[WhiteTeam "Miskolc"]
[BlackTeam "Kazincbarcika"]
[WhiteTeamCountry "HUN"]
[BlackTeamCountry "HUN"]

1. e4 e5 2. Nf3 Nf6 3. Nxe5 d6 4. Nf3 Nxe4 5. Qe2 Qe7 6. d3 Nf6 7. Bg5 Qxe2+ 8. Bxe2 Be7 9. Nc3 c6 10. 0-0-0 0-0 11. Rhe1 Be6 12. Nd4 Na6 13. Bf3 Nc7 14. Nf5 Rfe8 15. Bxf6 gxf6 16. Nxe7+ Rxe7 17. Ne4 d5 18. Nxf6+ Kg7 19. Nh5+ Kf8 20. Nf4 Bf5 21. Rxe7 Kxe7 22. Re1+ Kf8 23. g4 Bg6 24. h4 h6 25. Kd2 Re8 26. Rxe8+ Kxe8 27. Nxg6 fxg6 28. Ke3 Ne6 29. Be2 g5 30. hxg5 hxg5 31. c4 dxc4 32. dxc4 Ke7 33. Bd3 Kf6 34. Bf5 Nd8 35. f4 c5 36. fxg5+ Kxg5 37. Ke4 b6 38. Kd5 Nf7 39. a3 Kf4 40. b3 Ne5 41. Kd6 Nf3 42. b4 cxb4 43. axb4 a5 44. bxa5 bxa5 45. Kc5 a4 46. Kb4 Nd2 47. c5 Nb3 48. c6 Nd4 49. c7 a3 50. c8Q a2 51. Qc1+ Ke5 52. Qb2 1-0

[Event "HUN-chT2 Barcza 0910"]
[Site "Hungary"]
[Date "2009.11.22"]
[Round "2.8"]
[White "Rakaczki, Csaba"]
[Black "Marko, Arpad"]
[Result "1-0"]
[WhiteElo "2086"]
[BlackElo "2037"]
[PlyCount "35"]
[EventDate "2009.11.08"]
[EventType "team-tourn"]
[EventRounds "11"]
[EventCountry "HUN"]
[SourceTitle "EXT 2011"]
[Source "ChessBase"]
[SourceDate "2010.11.26"]
[SourceVersion "1"]
[SourceVersionDate "2010.11.26"]
[SourceQuality "1"]
[WhiteTeam "Debrecen Sakkbaratok"]
[BlackTeam "Kazincbarcika"]
[WhiteTeamCountry "HUN"]
[BlackTeamCountry "HUN"]

1. e4 e5 2. Nc3 Nf6 3. Bc4 Nxe4 4. Qh5 Nd6 5. Bb3 Nc6 6. Nb5 g6 7. Qf3 Ke7 8. Nxd6 Kxd6 9. Qd5+ Ke7 10. Qxf7+ Kd6 11. Qd5+ Ke7 12. d4 h6 13. Qf7+ Kd6 14. Qxg6+ Ke7 15. Qf7+ Kd6 16. dxe5+ Nxe5 17. Qd5+ Ke7 18. Qxe5# 1-0

[Event "HUN-chT2 Barcza 0809"]
[Site "Hungary"]
[Date "2009.03.08"]
[Round "9.8"]
[White "Marko, Arpad"]
[Black "Mizik, Zsolt"]
[Result "0-1"]
[WhiteElo "1990"]
[BlackElo "2042"]
[PlyCount "107"]
[EventDate "2008.10.26"]
[EventType "team-tourn"]
[EventRounds "11"]
[EventCountry "HUN"]
[SourceTitle "EXT 2010"]
[Source "ChessBase"]
[SourceDate "2010.11.25"]
[SourceVersion "1"]
[SourceVersionDate "2010.11.25"]
[SourceQuality "1"]
[WhiteTeam "Kazincbarcika II"]
[BlackTeam "Tiszavasvar"]
[WhiteTeamCountry "HUN"]
[BlackTeamCountry "HUN"]

1. e4 e5 2. Nf3 Nc6 3. Nc3 Bc5 4. Bb5 d6 5. Na4 Bb6 6. Nxb6 axb6 7. d4 exd4 8. Qxd4 Qf6 9. e5 dxe5 10. Qxe5+ Qxe5+ 11. Nxe5 Nge7 12. Bf4 0-0 13. 0-0 Nd4 14. Bd3 Bf5 15. Kh1 c6 16. Bxf5 Nexf5 17. c3 Ne6 18. Bg3 Rfd8 19. Nf3 h5 20. a3 Rd3 21. Rad1 Rad8 22. Rxd3 Rxd3 23. h3 f6 24. Re1 Kf7 25. Bb8 b5 26. Kg1 g5 27. Kf1 Nc5 28. Ke2 Rd8 29. Bh2 g4 30. hxg4 hxg4 31. Nd2 Re8+ 32. Kd1 Rxe1+ 33. Kxe1 Nd3+ 34. Ke2 Nxb2 35. Bc7 Ne7 36. Nb1 Nd5 37. Bb8 Ke6 38. f3 Kf5 39. g3 gxf3+ 40. Kxf3 Na4 41. Bd6 Naxc3 42. Nxc3 Nxc3 43. Ke3 Ke6 44. Bb8 Nb1 45. Kd4 Nxa3 46. Kc5 Nc4 47. Bc7 Kd7 48. Bb8 b6+ 49. Kb4 Ke6 50. Bc7 Kd5 51. Bb8 f5 52. Bc7 Ke4 53. Bb8 Ne3 54. Bc7 0-1

[Event "HUN-chT2 Barcza 0809"]
[Site "Hungary"]
[Date "2009.02.22"]
[Round "8.9"]
[White "Marko, Arpad"]
[Black "Bakos, Levente"]
[Result "1-0"]
[WhiteElo "1990"]
[BlackElo "2055"]
[PlyCount "95"]
[EventDate "2008.10.26"]
[EventType "team-tourn"]
[EventRounds "11"]
[EventCountry "HUN"]
[SourceTitle "EXT 2010"]
[Source "ChessBase"]
[SourceDate "2010.11.25"]
[SourceVersion "1"]
[SourceVersionDate "2010.11.25"]
[SourceQuality "1"]
[WhiteTeam "Kazincbarcika II"]
[BlackTeam "DEAC"]
[WhiteTeamCountry "HUN"]
[BlackTeamCountry "HUN"]

1. e4 c5 2. Nf3 d6 3. Bb5+ Bd7 4. Bxd7+ Qxd7 5. 0-0 Nc6 6. c3 g6 7. d4 cxd4 8. cxd4 Bg7 9. Nc3 e6 10. Bf4 Nxd4 11. Nxd4 e5 12. Be3 exd4 13. Bxd4 f6 14. Nd5 Rc8 15. Rc1 Rc6 16. b4 Qf7 17. b5 Rxc1 18. Qxc1 Ne7 19. Nxe7 Qxe7 20. Qc8+ Kf7 21. Qc4+ Qe6 22. Qc7+ Qe7 23. Rc1 Re8 24. Bxa7 Kf8 25. f3 Bh6 26. Qxe7+ Rxe7 27. Rc8+ Kf7 28. Kf1 Ke6 29. Bb6 d5 30. exd5+ Kxd5 31. a4 Bf4 32. a5 Bxh2 33. g4 Bf4 34. a6 bxa6 35. bxa6 Be3 36. Bxe3 Rxe3 37. a7 Rxf3+ 38. Ke2 Ra3 39. a8Q+ Rxa8 40. Rxa8 Ke5 41. Kf3 f5 42. Ra5+ Kf6 43. gxf5 gxf5 44. Kf4 h5 45. Rxf5+ Kg6 46. Ra5 Kh6 47. Ra6+ Kg7 48. Kg5 1-0

[Event "HUN-chT2 Barcza 0809"]
[Site "Hungary"]
[Date "2009.01.25"]
[Round "6.10"]
[White "Marko, Arpad"]
[Black "Gerebenics, Peter"]
[Result "1/2-1/2"]
[WhiteElo "1990"]
[BlackElo "1982"]
[PlyCount "38"]
[EventDate "2008.10.26"]
[EventType "team-tourn"]
[EventRounds "11"]
[EventCountry "HUN"]
[SourceTitle "EXT 2010"]
[Source "ChessBase"]
[SourceDate "2010.11.25"]
[SourceVersion "1"]
[SourceVersionDate "2010.11.25"]
[SourceQuality "1"]
[WhiteTeam "Kazincbarcika II"]
[BlackTeam "Piremon"]
[WhiteTeamCountry "HUN"]
[BlackTeamCountry "HUN"]

1. d4 e6 2. Bf4 Nf6 3. Nf3 d5 4. h3 c5 5. e3 a6 6. c3 Nc6 7. Nbd2 Be7 8. Bd3 Nh5 9. Bh2 f5 10. Ne5 Nf6 11. 0-0 0-0 12. a3 Ne4 13. Bxe4 fxe4 14. f3 Nxe5 15. Bxe5 exf3 16. Nxf3 Bd7 17. Nh2 Rxf1+ 18. Qxf1 Qb6 19. Qe2 Rf8 1/2-1/2

[Event "HUN-chT2 Barcza 0708"]
[Site "Hungary"]
[Date "2007.12.09"]
[Round "4"]
[White "Marko, Arpad"]
[Black "Bobak, Sandor"]
[Result "0-1"]
[WhiteElo "1998"]
[BlackElo "1920"]
[PlyCount "128"]
[EventDate "2007.10.14"]
[EventType "team"]
[EventRounds "11"]
[EventCountry "HUN"]
[SourceTitle "EXT 2009"]
[Source "ChessBase"]
[SourceDate "2008.11.26"]
[SourceVersion "1"]
[SourceVersionDate "2008.11.26"]
[SourceQuality "1"]
[WhiteTeam "Kazincbarcika II"]
[BlackTeam "Debrecen Betu"]
[WhiteTeamCountry "HUN"]
[BlackTeamCountry "HUN"]

1. e4 e5 2. Nc3 Bc5 3. Bc4 Nf6 4. Nf3 d6 5. h3 Nc6 6. d3 h6 7. Na4 Bb6 8. Nxb6 axb6 9. a3 Be6 10. Bxe6 fxe6 11. 0-0 0-0 12. Nh2 Qe8 13. f4 Qh5 14. Qxh5 Nxh5 15. fxe5 Rxf1+ 16. Nxf1 Nxe5 17. g4 Nf6 18. Ng3 Nf3+ 19. Kg2 Ne1+ 20. Kg1 Nxc2 21. Rb1 Nd4 22. Be3 Nb3 23. Ne2 g5 24. Nd4 Nxd4 25. Bxd4 e5 26. Be3 c5 27. Kg2 Kg7 28. Bc1 b5 29. b4 c4 30. dxc4 bxc4 31. Kf3 b5 32. Bb2 Kf7 33. Rd1 Ke6 34. h4 Nh7 35. hxg5 Nxg5+ 36. Ke3 Rf8 37. Rh1 Rf3+ 38. Ke2 Rf4 39. Rxh6+ Kd7 40. Bc1 Rxe4+ 41. Kf1 Rxg4 42. Rh5 Nf3 43. Kf2 Nd4 44. Rh7+ Kc6 45. Ra7 Re4 46. Ra6+ Kd5 47. a4 bxa4 48. Rxa4 Re2+ 49. Kf1 Rh2 50. Bg5 Nb3 51. Ra3 Rh1+ 52. Ke2 Ra1 53. Rxa1 Nxa1 54. Kd2 Nb3+ 55. Kc3 Nd4 56. Bh6 Nb5+ 57. Kc2 Ke4 58. Kd2 Kf3 59. Be3 d5 60. Bc5 d4 61. Be7 e4 62. Bc5 e3+ 63. Ke1 d3 64. Be7 c3 0-1